000 00283nam a22001217a 4500
999 _c263383
_d263382
020 _a978067986371
020 _a9780679963714
100 _aMary Pope Osborne
245 _aNight of the Ninjas
260 _aNew York
_bRandom House
_c1995
490 _aMagic Tree House
942 _cBK